'Whose Line' Performers Quiz Stats

 Plays Quiz Updated Sep 18, 2018

Score 0/19 Timer 06:00
2 Plays Today
# of Episodes Performer % Correct
119Wayne Brady
92.1%
126Ryan Stiles
89.3%
126Colin Mochrie
86.6%
54Brad Sherwood
60.5%
55Greg Proops
57.6%
39Chip Esten
40.4%
2Robin Williams
35.1%
4Kathy Griffin
33%
30Kathy Greenwood
33%
2Whoopi Goldberg
22%
# of Episodes Performer % Correct
2Stephen Colbert
21.1%
8Jeff Davis
17.2%
2David Hasselhoff
10%
2Josie Lawrence
9.7%
13Denny Seigel
9.5%
3Karen Maruyama
7.5%
2Jerry Springer
7.3%
2Ian Gomez
5.4%
2Patrick Bristow
4.4%

You're not logged in!

Compare scores with friends on all Sporcle quizzes.
OR
Log In

Sporcle TV

Today on Sporcle TV


Watch our educational content, quiz creation guides, and fun videos on Sporcle TV.

Show Comments

Extras

Top Quizzes Today


Score Distribution

Your Account Isn't Verified!

In order to create a playlist on Sporcle, you need to verify the email address you used during registration. Go to your Sporcle Settings to finish the process.

Report this User

Report this user for behavior that violates our Community Guidelines.

Details: